000 00292nam a2200121Ia 4500
008 190216s9999||||xx |||||||||||||| ||und||
100 _aGiri V V
245 0 _aLabour Problems In Indian Industry
260 _bAsia Publishing House
_c1972
300 _a564p
650 _aEconomics
942 _cBK
999 _c9268
_d9268